Central Library OPAC University of Rajshahi

Planning, programming, budgeting : (Record no. 60793)

MARC details
000 -LEADER
fixed length control field 00833nam a2200241 a 4500
001 - CONTROL NUMBER
control field 60793
003 - CONTROL NUMBER IDENTIFIER
rucl marc code BD-RjUL
005 - DATE AND TIME OF LATEST TRANSACTION
control field 20211209080901.0
008 - FIXED-LENGTH DATA ELEMENTS--GENERAL INFORMATION
fixed length control field 170103r19691968ilua 000 0 eng
035 ## - SYSTEM CONTROL NUMBER
System control number (BD-RjUL)60917
040 ## - CATALOGING SOURCE
Original cataloging agency DLC
Transcribing agency DLC
Modifying agency BD-RjUL
Language of cataloging eng
041 ## - LANGUAGE CODE
Language code of text/sound track or separate title eng
082 00 - DEWEY DECIMAL CLASSIFICATION NUMBER
Classification number 353.00722018
Edition number 23
Author mark and year PLA 1969
245 10 - TITLE STATEMENT
Title Planning, programming, budgeting :
Remainder of title a systems approach to management /
Statement of responsibility, etc. edited by Fremont J. Lyden and Ernest G. Miller.
260 ## - PUBLICATION, DISTRIBUTION, ETC. (IMPRINT)
Place of publication, distribution, etc. Chicago :
Name of publisher, distributor, etc. Markham Pub. Co.,
Date of publication, distribution, etc. 1968 [ reprinted 1969 ]
300 ## - PHYSICAL DESCRIPTION
Pagination 443 p. ;
Size 23 cm.
490 0# - SERIES STATEMENT
Series statement Markham political science series
650 #0 - SUBJECT ADDED ENTRY--TOPICAL TERM
Topical term or geographic name as entry element Program budgeting
Geographic subdivision United States.
9 (RLIN) 181185
700 1# - ADDED ENTRY--PERSONAL NAME
Personal name Lyden, Fremont J.
Personal name Miller, Ernest G.,
Fuller form of name joint com.
830 ## - SERIES ADDED ENTRY--UNIFORM TITLE
Uniform title Markham political science series
942 ## - ADDED ENTRY ELEMENTS (KOHA)
Source of classification or shelving scheme Dewey Decimal Classification
Koha item type Books
Holdings
Lost status Source of classification or shelving scheme Damaged status Not for loan Collection code Permanent Location Current Location Shelving location Date acquired Source of acquisition Cost, normal purchase price Total Checkouts Full call number Date last seen Copy number Koha item type
  Dewey Decimal Classification   Not For Loan Non-fiction Central Library, University of Rajshahi Central Library, University of Rajshahi Reading Room 22/06/1970 Zeitlinger 47.60   353.00722018 PLA 1969 03/01/2017 C-1 Books
  Dewey Decimal Classification     Non-fiction Central Library, University of Rajshahi Central Library, University of Rajshahi   22/06/1970 Zeitlinger 47.60   353.00722018 PLA 1969 17/09/2019 C-2 Books
  Dewey Decimal Classification     Non-fiction Central Library, University of Rajshahi Central Library, University of Rajshahi   22/06/1970 Zeitlinger 47.60   353.00722018 PLA 1969 18/09/2019 C-3 Books
  Dewey Decimal Classification     Non-fiction Central Library, University of Rajshahi Central Library, University of Rajshahi   22/06/1970 zeitlinger 47.00   353.00722018 PLA 1969 29/10/2019 C-4 Books